[Event "Saint John op-2"]
[Site "Saint John CAN"]
[Date "1988.??.??"]
[Round "?"]
[White "Acosta, Mariano"]
[Black "Gallagher, Joseph G"]
[Result "0-1"]
[WhiteElo "2210"]
[BlackElo "2480"]
[PlyCount "78"]
[GameId "2160767912586559"]
[EventDate "1988.02.08"]
[EventType "swiss"]
[EventRounds "9"]
[EventCountry "CAN"]
[SourceTitle "CBM 006"]
[Source "ChessBase"]
[SourceDate "2004.01.01"]
[SourceVersion "1"]
[SourceVersionDate "2004.01.01"]
[SourceQuality "1"]

1. e4 c5 2. Nf3 d6 3. d4 cxd4 4. Nxd4 Nf6 5. f3 e5 6. Nb3 Be6 7. c4 Nbd7 8. Nc3 Nb6 9. Nd5 Rc8 10. Nd2 Nh5 11. g3 f5 12. exf5 Bxf5 13. Nxb6 Qxb6 14. Qb3 Nf6 15. Qxb6 axb6 16. Be2 Be7 17. O-O O-O 18. b3 d5 19. cxd5 Bc5+ 20. Kh1 Bd4 21. g4 Bxa1 22. gxf5 Bd4 23. Bc4 Rfd8 24. Ne4 Nxd5 25. Bg5 Rd7 26. Bb5 Rc6 27. f6 gxf6 28. Bxf6 Rdc7 29. Bd8 Rc8 30. Bxc6 Rxc6 31. Rd1 Rc2 32. a4 Rb2 33. Nf6+ Nxf6 34. Bxf6 Kf7 35. Bd8 Rxb3 36. f4 Ke6 37. fxe5 Bxe5 38. Re1 Kd5 39. Bxb6 Rxb6 0-1

[Event "Saint John op-2"]
[Site "Saint John CAN"]
[Date "1988.??.??"]
[Round "?"]
[White "Acosta, Mariano"]
[Black "Sherzer, Alex"]
[Result "0-1"]
[WhiteElo "2210"]
[BlackElo "2310"]
[PlyCount "94"]
[GameId "2160767912586560"]
[EventDate "1988.02.08"]
[EventType "swiss"]
[EventRounds "9"]
[EventCountry "CAN"]
[SourceTitle "CBM 06"]

1. e4 e6 2. d4 d5 3. Nc3 Bb4 4. Bd2 Ne7 5. Qg4 O-O 6. e5 b6 7. a3 Bxc3 8. bxc3 Ba6 9. Bxa6 Nxa6 10. Bg5 Qd7 11. Ne2 c5 12. h4 Kh8 13. h5 h6 14. Bxe7 Qxe7 15. Rh3 Rac8 16. Rg3 Rg8 17. Kd2 Qd7 18. Qf4 cxd4 19. cxd4 Rc4 20. Rf3 Qa4 21. c3 Nc5 22. Ke1 Ne4 23. Qc1 Rgc8 24. Rxf7 Qe8 25. Rf3 Qxh5 26. Rh3 Qg6 27. Kf1 Rf8 28. f3 Nxc3 29. Nxc3 Qd3+ 30. Ne2 Rxc1+ 31. Rxc1 Qxa3 32. Rc7 Re8 33. Nf4 Qa1+ 34. Ke2 Qxd4 35. Ng6+ Kg8 36. Rg3 Qb2+ 37. Kf1 a5 38. Kg1 a4 39. Kh2 a3 40. f4 Qb4 41. Ra7 Kh7 42. Kh3 a2 43. Rxa2 Qb1 44. Ra7 Qh1+ 45. Kg4 h5+ 46. Kf3 Qf1+ 47. Ke3 d4+ 0-1

[Event "Saint John op-2"]
[Site "Saint John CAN"]
[Date "1988.??.??"]
[Round "?"]
[White "Acosta, Mariano"]
[Black "Thorsteins, Karl"]
[Result "1-0"]
[WhiteElo "2210"]
[BlackElo "2445"]
[PlyCount "117"]
[GameId "2160767912586561"]
[EventDate "1988.02.08"]
[EventType "swiss"]
[EventRounds "9"]
[EventCountry "CAN"]
[SourceTitle "CBM 06"]

1. d4 Nf6 2. c4 g6 3. Nc3 Bg7 4. Nf3 O-O 5. e3 d6 6. Be2 Nbd7 7. O-O e5 8. b4 Re8 9. a4 e4 10. Nd2 Nf8 11. b5 h5 12. a5 N8h7 13. a6 bxa6 14. bxa6 Ng5 15. Nd5 Ng4 16. Bb2 f5 17. Nf4 Ne6 18. Nxe6 Bxe6 19. h3 Qh4 20. hxg4 hxg4 21. g3 Qh5 22. Re1 Rab8 23. Rb1 g5 24. Ba1 Kf7 25. Bf1 f4 26. exf4 gxf4 27. Rxb8 Rxb8 28. gxf4 Rh8 29. Bg2 Qh2+ 30. Kf1 g3 31. f5 gxf2 32. Kxf2 Qf4+ 33. Kg1 Qh2+ 34. Kf1 Rf8 35. Nxe4 Kg8 36. Nf2 Bxc4+ 37. Re2 Re8 38. Nd3 Qh5 39. Rxe8+ Qxe8 40. Kg1 Bh6 41. Qe1 Be3+ 42. Nf2 Bxa6 43. d5 Qa4 44. Qxe3 Qxa1+ 45. Kh2 Qe5+ 46. Qxe5 dxe5 47. Kg3 Bc4 48. Ng4 a5 49. Nxe5 Bb3 50. Nc6 a4 51. Nd4 Bc4 52. Kf4 a3 53. Nc2 a2 54. Be4 Kf7 55. Ke5 Ke7 56. Na1 Bb5 57. Bc2 Bd7 58. f6+ Kf8 59. Bb3 1-0

[Event "Saint John op-2"]
[Site "Saint John CAN"]
[Date "1988.??.??"]
[Round "?"]
[White "Andonov, Bogomil"]
[Black "Basanta, Gary"]
[Result "1-0"]
[WhiteElo "2425"]
[BlackElo "2215"]
[PlyCount "59"]
[GameId "2160767912586564"]
[EventDate "1988.02.08"]
[EventType "swiss"]
[EventRounds "9"]
[EventCountry "CAN"]
[SourceTitle "CBM 06"]

1. Nf3 Nf6 2. c4 e6 3. g3 b6 4. Bg2 Bb7 5. O-O Be7 6. Nc3 c5 7. d4 cxd4 8. Qxd4 O-O 9. Rd1 Nc6 10. Qf4 a6 11. e4 d6 12. b3 Qc7 13. Bb2 Rac8 14. Rac1 Rfd8 15. Nd5 exd5 16. cxd5 Qb8 17. dxc6 Rxc6 18. Nd4 Rxc1 19. Rxc1 d5 20. Qxb8 Rxb8 21. Nf5 Bd8 22. exd5 g6 23. Nh6+ Kg7 24. Ng4 h5 25. Ne5 Kf8 26. Nc6 Bxc6 27. dxc6 Ne8 28. Rd1 Bc7 29. Rd7 Rd8 30. Bd5 1-0

[Event "Saint John op-2"]
[Site "Saint John CAN"]
[Date "1988.??.??"]
[Round "?"]
[White "Andonov, Bogomil"]
[Black "Gruenfeld, Yehuda"]
[Result "1-0"]
[WhiteElo "2420"]
[BlackElo "2550"]
[PlyCount "61"]
[GameId "2160767912586565"]
[EventDate "1988.02.08"]
[EventType "swiss"]
[EventRounds "9"]
[EventCountry "CAN"]
[SourceTitle "CBM 06"]

1. Nf3 Nf6 2. c4 g6 3. Nc3 Bg7 4. e4 O-O 5. d4 d6 6. h3 e5 7. d5 Nbd7 8. Bg5 a5 9. g4 Nc5 10. Nd2 c6 11. Qf3 Bd7 12. Nb3 h6 13. Bh4 b6 14. Be2 a4 15. Nd2 Ra5 16. Kf1 cxd5 17. cxd5 b5 18. a3 g5 19. Bg3 Nb3 20. Nxb3 axb3 21. Kg2 Qb8 22. Qe3 b4 23. axb4 Qxb4 24. Rxa5 Qxa5 25. f3 Rb8 26. Bf2 Nh7 27. Qa7 Qd8 28. Ra1 Nf8 29. Ra6 Be8 30. Rb6 Ra8 31. Rxd6 1-0

[Event "Saint John op-2"]
[Site "Saint John CAN"]
[Date "1988.??.??"]
[Round "?"]
[White "Ardaman, Miles"]
[Black "Ball, Stephen"]
[Result "1/2-1/2"]
[WhiteElo "2430"]
[BlackElo "2230"]
[PlyCount "128"]
[GameId "2160767912586568"]
[EventDate "1988.02.08"]
[EventType "swiss"]
[EventRounds "9"]
[EventCountry "CAN"]
[SourceTitle "CBM 06"]

1. g3 f5 2. Bg2 Nf6 3. d3 d6 4. c4 e5 5. Nc3 Be7 6. Nf3 O-O 7. O-O Nc6 8. Rb1 a5 9. a3 Qe8 10. Ne1 Qg6 11. f4 exf4 12. gxf4 Bd7 13. b4 axb4 14. axb4 Nd4 15. e3 Ne6 16. Kh1 c6 17. Nf3 Qh6 18. Qd2 Nh5 19. Ne2 g5 20. fxg5 Nxg5 21. Nfd4 Bf6 22. Nxf5 Bxf5 23. Rxf5 Be5 24. e4 Rxf5 25. exf5 Ng7 26. h3 Bf6 27. Ng3 Qh4 28. Qf4 Nxh3 29. Qxh4 Nf2+ 30. Kh2 Bxh4 31. Rb3 Ra2 32. f6 Bxf6 33. Bf4 Be5 34. Bxe5 Ng4+ 35. Kh3 Nxe5 36. b5 Ne6 37. Nh5 Kf7 38. bxc6 bxc6 39. Be4 Ng5+ 40. Kg3 Nxe4+ 41. dxe4 Nxc4 42. Rb7+ Kg6 43. Nf4+ Kf6 44. Rxh7 Ra3+ 45. Kg4 Ne3+ 46. Kf3 Nf5+ 47. Kf2 Ke5 48. exf5 Kxf4 49. f6 Ra2+ 50. Ke1 Ke5 51. Rc7 Kd5 52. f7 Ra8 53. Ke2 Rf8 54. Kd3 c5 55. Re7 Kc6 56. Ke4 d5+ 57. Ke5 d4 58. Ke4 Kd6 59. Ra7 Rh8 60. Ra6+ Ke7 61. Ra7+ Ke6 62. Rc7 Kd6 63. Ra7 Rh4+ 64. Kf3 Rh8 1/2-1/2

[Event "Saint John op-2"]
[Site "Saint John CAN"]
[Date "1988.??.??"]
[Round "?"]
[White "Ardaman, Miles"]
[Black "Gruenfeld, Yehuda"]
[Result "0-1"]
[WhiteElo "2430"]
[BlackElo "2550"]
[PlyCount "146"]
[GameId "2160767912586569"]
[EventDate "1988.02.08"]
[EventType "swiss"]
[EventRounds "9"]
[EventCountry "CAN"]
[SourceTitle "CBM 06"]

1. e4 c5 2. d3 Nf6 3. g3 d5 4. e5 Ng8 5. f4 Nc6 6. Nc3 f5 7. Bg2 e6 8. Nce2 Nge7 9. Be3 b6 10. c4 d4 11. Bd2 Bb7 12. Nf3 Qd7 13. h3 g6 14. a3 a5 15. b3 Rb8 16. g4 Bg7 17. Ng3 O-O 18. Qe2 Ba8 19. a4 Nb4 20. Kd1 Bh6 21. g5 Bg7 22. Bxb4 cxb4 23. h4 Rfd8 24. h5 Bc6 25. Nh4 Kf7 26. Bf3 Rh8 27. Kc2 Rbd8 28. Rh3 Bxf3 29. Nxf3 Nc6 30. Rah1 Nb8 31. Qf2 Nc6 32. Ne2 Rhg8 33. R1h2 Bf8 34. Qg1 Rg7 35. Qh1 Bc5 36. hxg6+ hxg6 37. Rh8 Ne7 38. R8h7 Rdg8 39. Rxg7+ Rxg7 40. Rh8 Ng8 41. Nh4 Qc8 42. Ng1 Bf8 43. Ngf3 Qd7 44. Kd2 Ne7 45. Qg1 Nc6 46. Ke2 Qd8 47. Kf2 Qe8 48. Kg3 Rg8 49. Rh7+ Rg7 50. Rh8 Rg8 51. Rh7+ Rg7 52. Rh6 Rg8 53. Qh1 Bxh6 54. gxh6 Rh8 55. Ng5+ Kg8 56. Nhf3 Qd7 57. Nxe6 Qxe6 58. Ng5 Qd7 59. e6 Qe8 60. Kf2 Ne7 61. h7+ Kg7 62. Qb7 Rxh7 63. Qxb6 Rh5 64. Qxd4+ Kg8 65. Qd7 Qxd7 66. exd7 Nc6 67. d4 Rxg5 68. d5 Nd8 69. c5 Rh5 70. c6 Rh2+ 71. Ke3 Rc2 72. Kd4 Kf7 73. Ke5 Nxc6+ 0-1

[Event "Saint John op-2"]
[Site "Saint John CAN"]
[Date "1988.??.??"]
[Round "?"]
[White "Ardaman, Miles"]
[Black "Martinovsky, Eugene"]
[Result "1/2-1/2"]
[WhiteElo "2430"]
[BlackElo "2295"]
[PlyCount "48"]
[GameId "2160767912586570"]
[EventDate "1988.02.08"]
[EventType "swiss"]
[EventRounds "9"]
[EventCountry "CAN"]
[SourceTitle "CBM 006"]
[Source "ChessBase"]
[SourceDate "2004.01.01"]
[SourceVersion "1"]
[SourceVersionDate "2004.01.01"]
[SourceQuality "1"]

1. g3 Nf6 2. Bg2 e5 3. d3 d5 4. Nf3 Nc6 5. O-O g6 6. Nbd2 Bg7 7. e4 O-O 8. c3 a5 9. b3 Re8 10. a3 dxe4 11. dxe4 Qd3 12. Bb2 Nxe4 13. Nxe4 Qxe4 14. Nd4 Qg4 15. Nxc6 Qd7 16. Qxd7 Bxd7 17. Nxe5 Bxe5 18. Bxb7 Rab8 19. Bd5 c6 20. Bc4 Be6 21. Bxe6 Rxe6 22. b4 c5 23. Ra2 Bf6 24. Ba1 axb4 1/2-1/2

[Event "Saint John op-2"]
[Site "Saint John CAN"]
[Date "1988.??.??"]
[Round "?"]
[White "Ardaman, Miles"]
[Black "Perenyi, Bela"]
[Result "0-1"]
[WhiteElo "2430"]
[BlackElo "2370"]
[PlyCount "134"]
[GameId "2160767912586571"]
[EventDate "1988.02.08"]
[EventType "swiss"]
[EventRounds "9"]
[EventCountry "CAN"]
[SourceTitle "CBM 06"]

1. e4 c5 2. d3 Nc6 3. g3 g6 4. Bg2 Bg7 5. f4 d6 6. Nf3 Nh6 7. O-O O-O 8. a4 e5 9. Na3 exf4 10. Bxf4 Ng4 11. c3 Nge5 12. Qd2 Bg4 13. Nxe5 dxe5 14. Be3 b6 15. Nc4 Qd7 16. Rf2 h5 17. Qc2 Rad8 18. Bf1 h4 19. a5 hxg3 20. hxg3 b5 21. Na3 Qe7 22. Nxb5 Rb8 23. Na3 Nxa5 24. Re1 Rfc8 25. Rh2 Bf6 26. Qf2 Bg5 27. Bh3 Bxh3 28. Rxh3 Kg7 29. Re2 Bxe3 30. Qxe3 Rh8 31. Rhh2 a6 32. Ref2 Qd6 33. Rxh8 Rxh8 34. Rh2 Rxh2 35. Kxh2 Kg8 36. g4 Qb8 37. Qe2 Qd8 38. Kg3 Qg5 39. Qf2 Nb3 40. Nc4 Nc1 41. Qf3 Kf8 42. Nd6 Qf4+ 43. Qxf4 exf4+ 44. Kxf4 Nxd3+ 45. Kg5 Ke7 46. Nc4 Ke6 47. b3 Ne5 48. Ne3 f6+ 49. Kh6 g5 50. b4 cxb4 51. cxb4 Kf7 52. Kh7 Nd3 53. Nd5 Nf2 54. Nc7 Nxe4 55. Nxa6 f5 56. b5 fxg4 57. b6 Nd6 58. Nc5 g3 59. b7 Nxb7 60. Ne4 g2 61. Nxg5+ Kf6 62. Nf3 Nd6 63. Kh6 Nf7+ 64. Kh5 Ng5 65. Ng1 Kf5 66. Kh4 Kf4 67. Kh5 Nf3 0-1

[Event "Saint John op-2"]
[Site "Saint John CAN"]
[Date "1988.??.??"]
[Round "?"]
[White "Ardaman, Miles"]
[Black "Ross, Paul"]
[Result "1-0"]
[WhiteElo "2430"]
[BlackElo "2235"]
[PlyCount "83"]
[GameId "2160767912586572"]
[EventDate "1988.02.08"]
[EventType "swiss"]
[EventRounds "9"]
[EventCountry "CAN"]
[SourceTitle "CBM 06"]

1. e4 e6 2. d3 d5 3. Nd2 dxe4 4. dxe4 Nf6 5. Ngf3 Be7 6. e5 Nd5 7. Ne4 Nd7 8. c4 N5b6 9. a3 Nc5 10. Qxd8+ Kxd8 11. Nxc5 Bxc5 12. b4 Be7 13. Ng5 Ke8 14. Ne4 Bd7 15. Be3 Bc6 16. Nc5 a6 17. Be2 Rd8 18. O-O Nd7 19. Nxd7 Rxd7 20. Rfb1 f6 21. exf6 Bxf6 22. Ra2 Kf7 23. a4 Be4 24. Rc1 Bd4 25. Rd1 Rhd8 26. Rad2 e5 27. Bg5 Rf8 28. Bg4 Rd6 29. c5 Rc6 30. Re2 Bd5 31. Rxe5 Bxe5 32. Rxd5 Bf6 33. h4 Bxg5 34. hxg5 Re8 35. b5 Re1+ 36. Kh2 Rce6 37. f4 Re7 38. c6 bxc6 39. Rf5+ Kg6 40. bxa6 Re8 41. Rc5 R1e7 42. Bf3 1-0

[Event "Saint John op-2"]
[Site "Saint John CAN"]
[Date "1988.??.??"]
[Round "?"]
[White "Ball, Stephen"]
[Black "Burger, Karl"]
[Result "1/2-1/2"]
[WhiteElo "2230"]
[BlackElo "2320"]
[PlyCount "107"]
[GameId "2160767912586573"]
[EventDate "1988.02.08"]
[EventType "swiss"]
[EventRounds "9"]
[EventCountry "CAN"]
[SourceTitle "CBM 06"]

1. d4 Nf6 2. c4 e6 3. Nc3 Bb4 4. e3 c5 5. Bd3 Nc6 6. Nf3 Bxc3+ 7. bxc3 d6 8. O-O e5 9. Ng5 h6 10. Ne4 Nxe4 11. Bxe4 O-O 12. f4 exd4 13. cxd4 Qe7 14. Bb1 f5 15. a3 Na5 16. Bd3 b6 17. d5 Ba6 18. Qc2 Qf7 19. Bd2 Rae8 20. Rf3 g6 21. Re1 Bc8 22. Bc3 Kh7 23. Rh3 Re4 24. Qf2 h5 25. g4 fxg4 26. Rxh5+ gxh5 27. Bxe4+ Bf5 28. Bxf5+ Qxf5 29. e4 Qxf4 30. Qxf4 Rxf4 31. Bd2 Rf3 32. Bxa5 bxa5 33. e5 dxe5 34. Rxe5 Rd3 35. d6 Rxd6 36. Rxh5+ Kg6 37. Rxc5 Rd2 38. Rxa5 Rc2 39. c5 Kf5 40. Rxa7 Rxc5 41. Rf7+ Kg5 42. Rf1 Rc2 43. Ra1 g3 44. hxg3 Kg4 45. a4 Kxg3 46. a5 Rc8 47. a6 Kf3 48. a7 Ra8 49. Ra4 Ke3 50. Kg2 Kd3 51. Kf3 Kc3 52. Ke4 Kb3 53. Ra1 Kc4 54. Ke5 1/2-1/2

[Event "Saint John op-2"]
[Site "Saint John CAN"]
[Date "1988.??.??"]
[Round "?"]
[White "Ball, Stephen"]
[Black "Gurevich, Dmitry"]
[Result "0-1"]
[WhiteElo "2230"]
[BlackElo "2475"]
[PlyCount "74"]
[GameId "2160767912586574"]
[EventDate "1988.02.08"]
[EventType "swiss"]
[EventRounds "9"]
[EventCountry "CAN"]
[SourceTitle "CBM 06"]

1. d4 Nf6 2. c4 e6 3. Nc3 Bb4 4. e3 b6 5. Bd3 Bb7 6. Nf3 O-O 7. O-O c5 8. Qc2 Bxf3 9. gxf3 cxd4 10. exd4 Nc6 11. Be3 d5 12. cxd5 exd5 13. Ne2 Rc8 14. Qa4 Bd6 15. Ng3 Nb4 16. Bf5 Rc4 17. Qd1 Rc7 18. a3 Nc6 19. Bg5 h6 20. Be3 Ne7 21. Bd3 Ng6 22. Nf5 Nh5 23. Kh1 Nh4 24. Nxd6 Qxd6 25. Rg1 Qf6 26. Rg4 Ng6 27. Rc1 Rxc1 28. Bxc1 Nhf4 29. Bf1 Rc8 30. Be3 h5 31. Rg1 Qf5 32. b4 Rc3 33. a4 Nh3 34. Bxh3 Qxh3 35. Rg3 Qe6 36. Rg5 h4 37. Kg1 Rxe3 0-1

[Event "Saint John op-2"]
[Site "Saint John CAN"]
[Date "1988.??.??"]
[Round "?"]
[White "Ball, Stephen"]
[Black "Henao, Raul Fernando"]
[Result "1/2-1/2"]
[WhiteElo "2230"]
[BlackElo "2345"]
[PlyCount "58"]
[GameId "2160767912586575"]
[EventDate "1988.02.08"]
[EventType "swiss"]
[EventRounds "9"]
[EventCountry "CAN"]
[SourceTitle "CBM 06"]

1. d4 Nf6 2. c4 g6 3. Nc3 d5 4. Nf3 Bg7 5. g3 O-O 6. Bg2 c6 7. cxd5 cxd5 8. O-O Ne4 9. Be3 Nxc3 10. bxc3 Nd7 11. Qb3 Qa5 12. Qb4 Qxb4 13. cxb4 Nb6 14. Nd2 Bg4 15. f3 Bd7 16. Rfc1 Rfc8 17. Bf2 Bb5 18. Bf1 e6 19. e3 Bxf1 20. Kxf1 Bf8 21. a3 a5 22. Rxc8 Nxc8 23. bxa5 Rxa5 24. a4 Ra8 25. Be1 Nd6 26. Ke2 Be7 27. Kd3 Bd8 28. Nb3 Nc4 29. Bc3 Bc7 1/2-1/2

[Event "Saint John op-2"]
[Site "Saint John CAN"]
[Date "1988.??.??"]
[Round "?"]
[White "Ball, Stephen"]
[Black "Scholseth, Tor Kristian"]
[Result "0-1"]
[WhiteElo "2230"]
[BlackElo "2265"]
[PlyCount "116"]
[GameId "2160767912586576"]
[EventDate "1988.02.08"]
[EventType "swiss"]
[EventRounds "9"]
[EventCountry "CAN"]
[SourceTitle "CBM 06"]

1. d4 Nf6 2. c4 g6 3. Nc3 Bg7 4. e4 d6 5. f4 O-O 6. Nf3 c5 7. d5 e6 8. Be2 exd5 9. exd5 Re8 10. O-O Ng4 11. h3 Ne3 12. Bxe3 Rxe3 13. Qd2 Re8 14. Bd3 Nd7 15. Rae1 Nf6 16. Rxe8+ Qxe8 17. Ng5 Bd7 18. b3 Qe7 19. Re1 Qf8 20. Nce4 Re8 21. Nxf6+ Bxf6 22. Nf3 Re7 23. Rxe7 Qxe7 24. Kf2 Qd8 25. g4 a6 26. Kg3 b5 27. g5 Bg7 28. h4 b4 29. Qe2 Kf8 30. h5 Bc8 31. h6 Bc3 32. Nh2 Qd7 33. Qg2 Qe7 34. Qe4 Qd7 35. Qg2 f6 36. Kf3 fxg5 37. fxg5 Qf7+ 38. Ke2 Qe7+ 39. Kf3 Bd4 40. Nf1 Qf7+ 41. Ke2 Qf4 42. Kd1 Bg4+ 43. Be2 Bf5 44. Qf3 Qxg5 45. Qg3 Qxg3 46. Nxg3 Bd7 47. Ne4 Be5 48. Nf2 Bf4 49. Bg4 Bg3 50. Ke2 Bxf2 51. Bxd7 Bh4 52. Kf3 Bg5 53. Be6 Bxh6 54. Bd7 Bc1 55. Be6 Kg7 56. Kg3 Kf6 57. Bd7 Ke5 58. Be6 Bd2 0-1

[Event "Saint John op-2"]
[Site "Saint John CAN"]
[Date "1988.??.??"]
[Round "?"]
[White "Basanta, Gary"]
[Black "Groszpeter, Attila"]
[Result "1/2-1/2"]
[WhiteElo "2215"]
[BlackElo "2495"]
[PlyCount "127"]
[GameId "2160767912586577"]
[EventDate "1988.02.08"]
[EventType "swiss"]
[EventRounds "9"]
[EventCountry "CAN"]
[SourceTitle "CBM 06"]

1. e4 c5 2. Nf3 d6 3. d4 cxd4 4. Nxd4 Nf6 5. Nc3 a6 6. Be2 e5 7. Nb3 Be7 8. O-O O-O 9. a4 Nc6 10. Kh1 Nb4 11. f4 b6 12. Bf3 Bb7 13. Be3 Qc7 14. Qe2 d5 15. exd5 Nfxd5 16. Nxd5 Bxd5 17. fxe5 Qxe5 18. Nd4 Rac8 19. Rfe1 Bh4 20. Bf2 Qxe2 21. Rxe2 Bxf3 22. gxf3 Bxf2 23. Rxf2 Rfe8 24. Rd1 g6 25. f4 Nd5 26. f5 Ne3 27. Re1 Nc4 28. Rxe8+ Rxe8 29. fxg6 hxg6 30. b3 Re4 31. Nf3 Nd6 32. Rd2 Nf5 33. Kg2 Re3 34. Nd4 Nh4+ 35. Kf2 Rh3 36. Kg1 Kg7 37. Rf2 Re3 38. Kf1 Re4 39. Rd2 Rf4+ 40. Ke1 Re4+ 41. Kf2 f5 42. h3 g5 43. c3 Rf4+ 44. Ke2 Kf6 45. Rd3 Ng6 46. Nf3 Re4+ 47. Kf2 Re6 48. Rd8 Nf4 49. Rf8+ Kg6 50. Rg8+ Kf7 51. Rxg5 Kf6 52. Rg8 Re2+ 53. Kf1 Re3 54. Kf2 Rxc3 55. Rf8+ Ke7 56. Rxf5 Nd3+ 57. Ke2 Rxb3 58. h4 Nc5 59. a5 Ne6 60. Re5 Rb2+ 61. Ke3 Kd6 62. Rh5 Rb3+ 63. Kf2 Rb2+ 64. Ke3 1/2-1/2

[Event "Saint John op-2"]
[Site "Saint John CAN"]
[Date "1988.??.??"]
[Round "?"]
[White "Basanta, Gary"]
[Black "Russek Libni, Guil"]
[Result "1-0"]
[WhiteElo "2215"]
[BlackElo "2305"]
[PlyCount "49"]
[GameId "2160767912586579"]
[EventDate "1988.02.08"]
[EventType "swiss"]
[EventRounds "9"]
[EventCountry "CAN"]
[SourceTitle "CBM 006"]
[Source "ChessBase"]
[SourceDate "2004.01.01"]
[SourceVersion "1"]
[SourceVersionDate "2004.01.01"]
[SourceQuality "1"]

1. e4 e6 2. d4 d5 3. Nd2 Nf6 4. e5 Nfd7 5. Bd3 c5 6. c3 Nc6 7. Ne2 cxd4 8. cxd4 Qb6 9. O-O Be7 10. Nf3 g5 11. Bxg5 Bxg5 12. Nxg5 Nf8 13. Nc3 a6 14. Qf3 Qc7 15. Qf6 Rg8 16. Nxh7 Nxd4 17. Qf4 Nxh7 18. Qxd4 Nf8 19. Rac1 Qa5 20. b4 Qd8 21. Na4 Nd7 22. Rc2 b6 23. f4 Bb7 24. f5 Qg5 25. Nxb6 1-0

[Event "Saint John op-2"]
[Site "Saint John CAN"]
[Date "1988.??.??"]
[Round "?"]
[White "Boyd, Stephen"]
[Black "Damljanovic, Branko"]
[Result "1/2-1/2"]
[WhiteElo "2250"]
[BlackElo "2525"]
[PlyCount "105"]
[GameId "2160767912586587"]
[EventDate "1988.02.08"]
[EventType "swiss"]
[EventRounds "9"]
[EventCountry "CAN"]
[SourceTitle "CBM 06"]

1. e4 c5 2. f4 Nc6 3. Nf3 e6 4. Bb5 Nge7 5. O-O Qc7 6. d3 a6 7. Bxc6 Nxc6 8. c4 Be7 9. Nc3 O-O 10. Be3 d6 11. Rc1 f5 12. d4 fxe4 13. Nxe4 cxd4 14. Nxd4 Bd7 15. Qd3 Nxd4 16. Bxd4 Bc6 17. Rce1 Qd7 18. Qg3 Rf7 19. Qg4 Re8 20. Ng3 Bd8 21. Re3 e5 22. Qxd7 Rxd7 23. fxe5 dxe5 24. Bc5 h6 25. Ne4 Bc7 26. b3 Kh7 27. Re2 b5 28. Rf3 bxc4 29. bxc4 Rd1+ 30. Rf1 Red8 31. Rxd1 Rxd1+ 32. Kf2 Kg6 33. Ke3 Kf5 34. g3 Ba5 35. Bf8 Bxe4 36. Rf2+ Ke6 37. Kxe4 Re1+ 38. Kd3 e4+ 39. Kd4 e3 40. Rf3 e2 41. Kd3 Ra1 42. Kxe2 Rxa2+ 43. Kd3 Rd2+ 44. Ke4 Re2+ 45. Kd3 Rxh2 46. Bxg7 Bd8 47. Rf8 Kd7 48. Kd4 h5 49. Be5 Rh1 50. Rh8 Bb6+ 51. Kd5 Rd1+ 52. Ke4 Rc1 53. Kd5 1/2-1/2

[Event "Saint John op-2"]
[Site "Saint John CAN"]
[Date "1988.??.??"]
[Round "?"]
[White "Boyd, Stephen"]
[Black "Ross, Dave"]
[Result "1/2-1/2"]
[WhiteElo "2250"]
[BlackElo "2325"]
[PlyCount "98"]
[GameId "2160767912586589"]
[EventDate "1988.02.08"]
[EventType "swiss"]
[EventRounds "9"]
[EventCountry "CAN"]
[SourceTitle "CBM 006"]
[Source "ChessBase"]
[SourceDate "2004.01.01"]
[SourceVersion "1"]
[SourceVersionDate "2004.01.01"]
[SourceQuality "1"]

1. e4 e6 2. d4 c5 3. d5 exd5 4. exd5 d6 5. Nc3 Nf6 6. Nf3 Be7 7. Be2 O-O 8. O-O Na6 9. Nd2 Nc7 10. Nc4 b5 11. Ne3 b4 12. Nb5 Nce8 13. a3 bxa3 14. Rxa3 a6 15. Bd2 Bd7 16. Qa1 Ne4 17. Ba5 Qb8 18. Nc3 Nxc3 19. Bxc3 Nc7 20. b3 f6 21. Bb2 Rf7 22. Bh5 g6 23. Bf3 f5 24. Re1 Bb5 25. c4 Bd7 26. Bc3 Ra7 27. b4 cxb4 28. Rb1 Rb7 29. Rab3 a5 30. Qxa5 Qa7 31. Qxa7 Rxa7 32. Rxb4 Ra3 33. Bb2 Ra2 34. Rb7 Bd8 35. Bd1 Ra8 36. Bd4 Na6 37. Ra1 f4 38. Ng4 Bxg4 39. Rxf7 Kxf7 40. Bxg4 Bf6 41. Bxf6 Kxf6 42. g3 h5 43. Bc8 Rxc8 44. Rxa6 Rxc4 45. Rxd6+ Kf5 46. Rd8 f3 47. Rf8+ Ke4 48. Rf4+ Kxd5 49. Rxf3 Ke6 1/2-1/2

[Event "Saint John op-2"]
[Site "Saint John CAN"]
[Date "1988.??.??"]
[Round "?"]
[White "Boyd, Stephen"]
[Black "Russek Libni, Guil"]
[Result "1/2-1/2"]
[WhiteElo "2235"]
[BlackElo "2305"]
[PlyCount "24"]
[GameId "2160767912586590"]
[EventDate "1988.02.08"]
[EventType "swiss"]
[EventRounds "9"]
[EventCountry "CAN"]
[SourceTitle "CBM 006"]
[Source "ChessBase"]
[SourceDate "2004.01.01"]
[SourceVersion "1"]
[SourceVersionDate "2004.01.01"]
[SourceQuality "1"]

1. e4 e6 2. d4 d5 3. Nd2 Nf6 4. e5 Nfd7 5. f4 c5 6. c3 cxd4 7. cxd4 Nc6 8. Ngf3 Qb6 9. g3 Be7 10. Kf2 g5 11. fxg5 Ndxe5 12. Kg2 Nc4 1/2-1/2

[Event "Saint John op-2"]
[Site "Saint John CAN"]
[Date "1988.??.??"]
[Round "?"]
[White "Burger, Karl"]
[Black "Rodriguez, Daniel Mauricio"]
[Result "0-1"]
[WhiteElo "2320"]
[BlackElo "2465"]
[PlyCount "80"]
[GameId "2160767912586597"]
[EventDate "1988.02.08"]
[EventType "swiss"]
[EventRounds "9"]
[EventCountry "CAN"]
[SourceTitle "CBM 006"]
[Source "ChessBase"]
[SourceDate "2004.01.01"]
[SourceVersion "1"]
[SourceVersionDate "2004.01.01"]
[SourceQuality "1"]

1. Nf3 d5 2. d4 e6 3. c4 c6 4. Qc2 f5 5. g3 Nf6 6. Bg2 Be7 7. O-O O-O 8. Bg5 Nbd7 9. Nbd2 h6 10. Bxf6 Bxf6 11. cxd5 cxd5 12. Rfc1 g5 13. e3 Rf7 14. b4 Qf8 15. Rab1 Be7 16. Qb3 Bd6 17. Rc3 Nf6 18. Ne5 Rg7 19. b5 Bd7 20. a4 Rc8 21. Rbc1 Rxc3 22. Rxc3 Qb8 23. Nxd7 Rxd7 24. Qc2 Rd8 25. Qb3 Kf7 26. Bf1 g4 27. Qc2 h5 28. Bg2 h4 29. gxh4 Bxh2+ 30. Kf1 Bd6 31. Nb3 Rh8 32. a5 Qe8 33. Qd3 Qe7 34. Qc2 Qd7 35. Qd3 Rxh4 36. Nc5 Qe7 37. a6 bxa6 38. bxa6 Rh8 39. Nb7 Qd7 40. Ke1 Bb4 0-1

[Event "Saint John op-2"]
[Site "Saint John CAN"]
[Date "1988.??.??"]
[Round "?"]
[White "Chernin, Alexander"]
[Black "Frias Pablaza, Victor J"]
[Result "1-0"]
[WhiteElo "2560"]
[BlackElo "2485"]
[PlyCount "69"]
[GameId "2160767912586598"]
[EventDate "1988.02.08"]
[EventType "swiss"]
[EventRounds "9"]
[EventCountry "CAN"]
[SourceTitle "CBM 006"]
[Source "ChessBase"]
[SourceDate "2004.01.01"]
[SourceVersion "1"]
[SourceVersionDate "2004.01.01"]
[SourceQuality "1"]

1. d4 d5 2. Nf3 Nf6 3. c4 dxc4 4. Nc3 e6 5. e4 Bb4 6. Bg5 h6 7. Bxf6 Qxf6 8. Bxc4 O-O 9. O-O Rd8 10. Qe2 Nc6 11. e5 Qf4 12. Rad1 Na5 13. Bd3 Bxc3 14. bxc3 Bd7 15. h3 Bc6 16. Nh2 Ba4 17. Rd2 h5 18. Rb2 g6 19. Rb4 Bd7 20. d5 Qh6 21. c4 c5 22. Rbb1 b5 23. Be4 Rab8 24. cxb5 c4 25. Nf3 exd5 26. Bxd5 Bxb5 27. Rfd1 c3 28. Qc2 Qf4 29. Qxc3 Be2 30. Rxb8 Rxb8 31. Re1 Rb5 32. e6 Rxd5 33. e7 Qb8 34. Rxe2 Rd1+ 35. Ne1 1-0

[Event "Saint John op-2"]
[Site "Saint John CAN"]
[Date "1988.??.??"]
[Round "?"]
[White "Chernin, Alexander"]
[Black "Georgiev, Kiril"]
[Result "1/2-1/2"]
[WhiteElo "2560"]
[BlackElo "2490"]
[PlyCount "28"]
[GameId "2160767912586599"]
[EventDate "1988.02.08"]
[EventType "swiss"]
[EventRounds "9"]
[EventCountry "CAN"]
[SourceTitle "CBM 06"]

1. c4 Nf6 2. g3 g6 3. Bg2 Bg7 4. Nc3 O-O 5. d3 d6 6. Bg5 c6 7. Qd2 Nbd7 8. Bh6 e5 9. Bxg7 Kxg7 10. e3 Re8 11. Nge2 Nb6 12. O-O d5 13. cxd5 cxd5 14. d4 e4 1/2-1/2